ਨਿਸਚੈ ਕਰਿ ਅਪਨੀ ਜੀਤ ਕਰੋ / (Record no. 80867)

MARC details
000 -LEADER
fixed length control field 01184nam a22002657a 4500
005 - DATE AND TIME OF LATEST TRANSACTION
control field 20180210112440.0
008 - FIXED-LENGTH DATA ELEMENTS--GENERAL INFORMATION
fixed length control field 131126b xxu||||| |||| 00| 0 eng d
010 ## - LCCN (DPL NO)
LC control number PUN-7720 B-577635-638 B-669930
020 ## - INTERNATIONAL STANDARD BOOK NUMBER
Terms of availability 350.00
035 ## - SYSTEM CONTROL NUMBER
System control number PN-6838 B-577635-638
035 ## - SYSTEM CONTROL NUMBER
System control number B-669930
037 ## - SOURCE OF ACQUISITION
Source of stock number/acquisition DBAD / PUB
037 ## - SOURCE OF ACQUISITION
Source of stock number/acquisition BPPD/KKP
040 ## - CATALOGING SOURCE
Original cataloging agency dpl
Language of cataloging pn
082 ## - DEWEY DECIMAL CLASSIFICATION NUMBER
Classification number
100 ## - MAIN ENTRY--PERSONAL NAME
Personal name ਸਹਿਰਾਈ,ਹਰਨਾਮ ਦਾਸ
245 ## - TITLE STATEMENT
Title ਨਿਸਚੈ ਕਰਿ ਅਪਨੀ ਜੀਤ ਕਰੋ /
Statement of responsibility, etc ਹਰਨਾਮ ਦਾਸ ਸਹਿਰਾਈ
246 ## - VARYING FORM OF TITLE
Title proper/short title Nische kar apni jeet karo
Remainder of title by Harnam Dass Seharai
260 ## - PUBLICATION, DISTRIBUTION, ETC. (IMPRINT)
Place of publication, distribution, etc Delhi
Name of publisher, distributor, etc Arsee Publishers
Date of publication, distribution, etc 2013
270 ## - ADDRESS
City Delhi
Address Chandni Chowk
Telephone number 011-65966481
300 4# - PHYSICAL DESCRIPTION
Extent 236p.
Dimensions 22ਸੇਂਮੀ (ਸਜਿਲੱਦ)
942 ## - ADDED ENTRY ELEMENTS (KOHA)
Source of classification or shelving scheme Dewey Decimal Classification
Item type Punjabi Bks
Classification part
Call number suffix ਸਹਿਰਾ
Holdings
Withdrawn status Lost status Source of classification or shelving scheme Damaged status Not for loan Collection code Home library Current library Date acquired Source of acquisition Cost, normal purchase price Total Checkouts Full call number Barcode Date last seen Copy number Cost, replacement price Koha item type
    Dewey Decimal Classification     Fiction Ashok Vihar Ashok Vihar 03/11/2017 BPPD/PUN/2016-17/932/7-3-2017 350.00   ਓ ਸਹਿਰਾ B-669930 03/11/2017 1 350.00 Punjabi Bks
    Dewey Decimal Classification     Fiction Central Library Central Library 18/03/2015 BPPD/166/27-8-2014/BL-100/12-9-14/8-10-14 350.00   ਓ ਸਹਿਰਾ B-577635 18/03/2015 1 350.00 Punjabi Bks
    Dewey Decimal Classification     Fiction D.B.Act.Division D.B.Act.Division 26/11/2013 DBAD 350.00   ਓ ਸਹਿਰਾ PN-6838 26/11/2013 1 350.00 Punjabi Bks
    Dewey Decimal Classification     Fiction Janak Puri Janak Puri 18/03/2015 BPPD/166/27-8-2014/BL-100/12-9-14/8-10-14 350.00   ਓ ਸਹਿਰਾ B-577638 29/06/2018 1 350.00 Punjabi Bks
    Dewey Decimal Classification     Fiction Mobile Library Mobile Library 18/03/2015 BPPD/166/27-8-2014/BL-100/12-9-14/8-10-14 350.00   ਓ ਸਹਿਰਾ B-577636 18/03/2015 1 350.00 Punjabi Bks
    Dewey Decimal Classification     Fiction Patel Nagar Patel Nagar 18/03/2015 BPPD/166/27-8-2014/BL-100/12-9-14/8-10-14 350.00   ਓ ਸਹਿਰਾ B-577637 18/03/2015 1 350.00 Punjabi Bks

© Delhi Public Library
Hit Counter
free hit counter